| 000 | 00385nam a2200145Ia 4500 | ||
|---|---|---|---|
| 008 | 151213s9999 xx 000 0 und d | ||
| 100 | _aProf. MD. Altaf Hassain | ||
| 245 |
_aThe Code of Civil Procedure _cProf. MD. Altaf Hassain |
||
| 260 |
_aDhaka _bCity Law Book _c2004 |
||
| 300 | _a2855 p. | ||
| 650 | _aLaw | ||
| 650 | _aLaw | ||
| 700 | _aProf. MD. Altaf Hassain | ||
| 999 |
_c1964 _d1964 |
||